Kruhy na vode

Bibliographic Details
Main Author: Dán, Dominik, 1955- (Author)
Format: Book
Language:Slovak
PhysicalDescription:302 strán 22 cm
Published: Bratislava Slovart 2024
ISBN:9788055667461
Edition:Prvé vydanie
Series:Slovenské TOP krimi
Denník dobrého detektíva
Subjects:

MARC

LEADER 00000cam a2200000 4500
001 vtls012261644
003 SK-MaSNL
005 20260301192603.0
008 240805s2024 xo g 010 f slo
015 |a SNBA2024/12 
020 |a 9788055667461  |q (viazané) 
040 |a SNK  |b slo  |c SNK  |e rda 
041 0 |a slo 
044 |a xo  |c SK 
072 7 |a 821.162.4-3  |x Slovenská próza  |2 konspekt 
080 |a 821.162.4-31  |2 2011 
080 |a (0:82-312.4)  |2 2011 
100 1 |a Dán, Dominik,  |d 1955-  |4 aut  |9 92276 
245 1 0 |a Kruhy na vode  |c Dominik Dán 
250 |a Prvé vydanie 
264 1 |a Bratislava  |b Slovart  |c 2024 
300 |a 302 strán  |c 22 cm 
336 |a text  |b txt  |2 rdacontent 
337 |a bez média  |b n  |2 rdamedia 
338 |a zväzok  |b nc  |2 rdacarrier 
490 1 |a Slovenské TOP krimi 
490 1 |a Denník dobrého detektíva 
500 |a Obsahuje profesijné údaje o autorovi na záložke prebalu publikácie 
655 7 |a slovenské romány  |2 SNKPH  |9 70324 
655 7 |a detektívne romány  |2 SNKPH  |9 70455 
655 7 |a Slovak fiction  |2 SNKPHeng  |9 277096 
655 7 |a Detective novels  |2 SNKPHeng  |9 121444 
830 0 |a Slovenské TOP krimi  |9 339834 
830 0 |a Denník dobrého detektíva  |9 326555 
852 |a Slovenská národná knižnica 
919 |a 978-80-556-6746-1 
954 |a beletria pôvodná (slovenská)  |2 lita 
958 |a LX 
999 |c 874580  |d 876510 
952 |a SNK  |b SNK  |y PREZ  |7 0  |p 17A1551894  |o snkSC 207608  |i snk2024/13058  |8 0  |0 0  |1 0  |4 0  |d 2024-08-19  |l 0  |r 2025-10-31 00:00:00  |w 2026-02-24 
952 |a SNK  |b SNK  |y VYP  |7 0  |p 17A1551895  |o snkSC 207608 D1  |i snk2024/13059  |8 0  |0 0  |1 0  |2 udc  |4 0  |d 2024-08-19  |l 1  |r 2026-03-16 15:24:00  |s 2026-02-28  |w 2026-02-24